UK nuclear (Record no. 110876)

MARC details
000 -LEADER
fixed length control field 00767cad a22001935a 4500
001 - CONTROL NUMBER
control field E150452
008 - FIXED-LENGTH DATA ELEMENTS--GENERAL INFORMATION
fixed length control field 100715s2010 xxk f 000 0 eng d
035 ## - SYSTEM CONTROL NUMBER
System control number (Sirsi) u150452
041 0# - LANGUAGE CODE
Language code of text/sound track or separate title eng
110 2# - MAIN ENTRY--CORPORATE NAME
Corporate name or jurisdiction name as entry element UK Trade and Investment
9 (RLIN) 4699
245 00 - TITLE STATEMENT
Title UK nuclear
Remainder of title powering the future
Medium [electronic resource]
260 ## - PUBLICATION, DISTRIBUTION, ETC.
Place of publication, distribution, etc. [S.l.]
Name of publisher, distributor, etc. UK Trade and Investment
Date of publication, distribution, etc. 2010
520 ## - SUMMARY, ETC.
Summary, etc. Discusses the construction, maintenance and decommissioning of nuclear power plants and highlights some of the firms involved in this work.
590 ## - LOCAL NOTE (RLIN)
Local note KA
651 #4 - SUBJECT ADDED ENTRY--GEOGRAPHIC NAME
Geographic name United Kingdom
Chronological subdivision
690 ## - LOCAL SUBJECT ADDED ENTRY--TOPICAL TERM (OCLC, RLIN)
Topical term or geographic name as entry element ENVIRONMENTAL AND LAND CONSULTANCY-ENERGY
856 40 - ELECTRONIC LOCATION AND ACCESS
Uniform Resource Identifier <a href="https://www.niauk.org/uk-nuclear-powering-the-future-brochure.html">https://www.niauk.org/uk-nuclear-powering-the-future-brochure.html</a>
Public note View the item free of charge at www.niauk.org
942 ## - ADDED ENTRY ELEMENTS (KOHA)
Suppress in OPAC 0
Holdings
Withdrawn status Lost status Source of classification or shelving scheme Damaged status Not for loan Home library Current library Shelving location Date acquired Total Checkouts Full call number Barcode Date last seen Copy number Price effective from Koha item type
    Dewey Decimal Classification     Virtual Virtual Online 15/07/2010   ONLINE PUBLICATION 150452-2001 06/08/2019 1 06/08/2019 Book